Teoría general de los sistemas: fundamentos, desarrollo, aplicaciones
Spremljeno u:
| Glavni autor: | |
|---|---|
| Format: | Knjiga |
| Jezik: | španjolski |
| Izdano: |
Ciudad de México
Fondo de Cultura Económica
1991
|
| Izdanje: | 2a. ed |
| Serija: | Ciencia y Tecnológica, 8039
|
| Teme: | |
| Oznake: |
Dodaj oznaku
Bez oznaka, Budi prvi tko označuje ovaj zapis!
|
MARC
| LEADER | 00000nam a2200000 a 4500 | ||
|---|---|---|---|
| 001 | UCX4622 | ||
| 003 | CL-VaPUC | ||
| 008 | 920625e19910000MX |||||||||||||||||spa|d | ||
| 082 | 0 | 4 | |a 003 |b BER |2 21 |
| 100 | 0 | |a Bertalanffy, Ludwig von |e author |9 320842 | |
| 245 | 1 | 0 | |a Teoría general de los sistemas: fundamentos, desarrollo, aplicaciones |
| 250 | |a 2a. ed | ||
| 300 | |a 311 p | ||
| 942 | |c BK | ||
| 945 | |d 19920625 00:00:00 |a mfernand | ||
| 260 | |a Ciudad de México |b Fondo de Cultura Económica |c 1991 | ||
| 650 | 0 | |a Teoría de sistemas |9 260742 | |
| 650 | 0 | |a Análisis de sistemas |9 260059 | |
| 583 | |a last modification |c 19920625 00:00:00 |k Rodrigo Vera | ||
| 490 | 0 | |a Ciencia y Tecnológica, 8039 | |
| 999 | |c 225042 |d 225040 | ||
| 952 | |0 0 |1 0 |2 ddc |4 0 |6 003_000000000000000_BER_1991 |7 0 |8 A |9 222208 |a BIBING |b BIBING |c RES |d 2019-11-15 |i 2910519 |o 003 BER 1991 |p 2910519 |r 2025-01-20 |w 2019-11-15 |y BK |k GEO | ||